Island Countries that Share Territory With Other Countries - Statistics

General Stats
  • This quiz has been taken 137 times
  • The average score is 7 of 8
Answer Stats
country % Correct
Indonesia
99%
Dominican Republic
94%
Haiti
94%
Papua New Guinea
88%
United Kingdom
85%
Ireland
84%
Brunei
82%
Timor-Leste
78%
No matching quizzes found
Score Distribution
Percent of People with Each Score
Percentile by Number Answered
Your Score History
You have not taken this quiz